000
00254nam a22001097a 4500
082
_a
621.39 GAS'D
100
_a
GASPERINI, RICHARD E
_9
74251
245
_a
DIGITAL TROUBLESHOOTING
260
_a
CALIFORNIA
_b
MOVONICS
_c
1976
300
_a
18-5P
942
_c
BK
999
_c
580545
_d
580545